Geoinformatics applications in agriculture / (Record no. 15437)
[ view plain ]
| 000 -LEADER | |
|---|---|
| fixed length control field | 00358nam a22001337a 4500 |
| 020 ## - INTERNATIONAL STANDARD BOOK NUMBER | |
| ISBN | 9788189422233 |
| 082 ## - DEWEY DECIMAL CLASSIFICATION NUMBER | |
| Classification number | 621.3678 |
| Item number | SIN/GE |
| 100 ## - MAIN ENTRY--AUTHOR NAME | |
| Personal name | Singh , A K . |
| 245 ## - TITLE STATEMENT | |
| Title | Geoinformatics applications in agriculture / |
| 260 ## - PUBLICATION, DISTRIBUTION, ETC. (IMPRINT) | |
| Place of publication | New delhi ; |
| Name of publisher | New india publishing agency , |
| Year of publication | 2007. |
| 300 ## - PHYSICAL DESCRIPTION | |
| Number of Pages | 340 ;. |
| 700 ## - ADDED ENTRY--PERSONAL NAME | |
| Personal name | Chopra ,U K . |
| 942 ## - ADDED ENTRY ELEMENTS (KOHA) | |
| Koha item type | Books |
| Withdrawn status | Lost status | Damaged status | Home library | Current library | Date acquired | Cost, normal purchase price | Full call number | Accession Number | Koha item type | Collection code | Shelving location |
|---|---|---|---|---|---|---|---|---|---|---|---|
| KAUAET | KAUAET | 04/06/2018 | 2950.00 | 621.3678 SIN/GE | 25738 | Books | |||||
| KAUAET | KAUAET | 15/05/2019 | 2950.00 | 621.3678 SIN/GE | 25761 | Books | Non-fiction | General Stacks |
